La France dans ses territoires (notice n° 1905611)

détails MARC
000 -LEADER
fixed length control field 01238cam a2200133 4500500
005 - DATE AND TIME OF LATEST TRANSACTION
control field 20260329020341.0
041 ## - LANGUAGE CODE
Language code of text/sound track or separate title fre
042 ## - AUTHENTICATION CODE
Authentication code dc
100 10 - MAIN ENTRY--PERSONAL NAME
Personal name Reghezza-Zitt, Magali
Relator term author
245 00 - TITLE STATEMENT
Title La France dans ses territoires
260 ## - PUBLICATION, DISTRIBUTION, ETC.
Name of publisher, distributor, etc. Armand Colin,<br/>
Date of publication, distribution, etc. 2024.<br/>
520 ## - SUMMARY, ETC.
Summary, etc. L’espace français a connu ces dernières années de profondes mutations liées à des dynamiques internes structurelles mais aussi à des évolutions rapides du contexte géopolitique et économique international. Pour saisir l’ensemble de ces évolutions, cet ouvrage propose une nouvelle géographie de la France, en l’abordant par l’entrée des «territoires», qui permettent ainsi de combiner les approches politiques, culturelle, économique et sociale.Cette nouvelle édition vient également faire le point sur les problématiques les plus récentes: réforme territoriale, mutation des systèmes productifs, changement climatique et transition écologique, marges et périphéries.Une synthèse incontournable assortie de nombreux outils et figures originales, avec des études de cas en fin de chaque chapitre.
856 41 - ELECTRONIC LOCATION AND ACCESS
Uniform Resource Identifier <a href="https://shs.cairn.info/la-france-dans-ses-territoires--9782200628062?lang=fr&redirect-ssocas=7080">https://shs.cairn.info/la-france-dans-ses-territoires--9782200628062?lang=fr&redirect-ssocas=7080</a>

Pas d'exemplaire disponible.

PLUDOC

PLUDOC est la plateforme unique et centralisée de gestion des bibliothèques physiques et numériques de Guinée administré par le CEDUST. Elle est la plus grande base de données de ressources documentaires pour les Étudiants, Enseignants chercheurs et Chercheurs de Guinée.

Adresse

627 919 101/664 919 101

25 boulevard du commerce
Kaloum, Conakry, Guinée

Réseaux sociaux

Powered by Netsen Group @ 2025